Jung Kook Songs Quiz (2026) - Statistics

General Stats
  • This quiz has been taken 276 times
    264 since last reset
  • The average score is 11 of 15
Answer Stats
Album Song % Correct
Seven (feat. Latto)
100%
Golden 3D (feat. Jack Harlow)
92%
Standing Next to You
92%
Yes or No
83%
Hate You
79%
Somebody
75%
Singles/Other Songs Still With You
75%
Closer to You (feat. Major Lazer)
74%
Shot Glass of Tears
71%
Please Don't Change (feat. DJ Snake)
70%
Too Sad To Dance
67%
My You
58%
Never Let Go
53%
Dreamers
52%
Stay Alive (Prod. SUGA of BTS)
50%
No matching quizzes found
Score Distribution
Percent of People with Each Score
Percentile by Number Answered
Your Score History
You have not taken this quiz since the last reset